| 000 | 00599nam a2200157 4500 | ||
|---|---|---|---|
| 008 | 170505b xxu||||| |||| 00| 0 eng d | ||
| 020 | _a0-673-52031-5 | ||
| 082 |
_21990 _aDC 320.973 _bW88 |
||
| 245 |
_aAmerican government : _breadings and cases / _c[edited by] Peter Woll. |
||
| 260 |
_aGlenview, Ill. : _bScott, Foresman/Little, Brown Higher Education, _cC1990. |
||
| 300 |
_a640 pages : _billustrations ; _c23 cm. |
||
| 500 | _aIncludes bibliographical references. | ||
| 650 | 0 |
_920693 _aUnited States -- Politics and government |
|
| 700 |
_920694 _aWoll, Peter, 1933- _eeditor. |
||
| 942 |
_2ddc _cDC |
||
| 999 |
_c6837 _d6837 |
||